00890nam a2200265 i 45000010008000000030009000080050017000170070003000340080041000370400030000780410008001080820025001161000035001412450053001762640050002293000028002793360027003073370033003343380028003675000050003956000030004456500052004756500048005276500049005750000238DO-SdBNP20260527074041.0ta110114s1995 dr 000 0 spa d aDO-SdBNPbspacBNPHUerda hspa 4a923.27293bB742o2221 aOcaña, Antonio,eautor4aut.10aUn hombre llamado Juan Bosch /cAntonio Ocaña. 4aSanto Domingo :bEditora Alfa & Omega,c1995. a366 páginas ;c21 cm. atextobtxt2rdacontent asin mediaciónbn2rdamedia avolumenbnc2rdacarrier aIncluye conología de Juan Bosch hasta 1994.10a Bosch, Juan, d1909-2001 4aPartido de la liberación dominicanaxHistoria 4aPartido Revolucionario DominicanoxHistoria 0aPartidos políticoszRepública Dominicana